Name the Artist - Spotify Wrapped 2025 - Statistics

General Stats
  • This quiz has been taken 34 times
  • The average score is 19 of 100
Answer Stats
Song Title Artist % Correct
back to friends | come closer | dime | +2 others sombr
56%
The Subway Chappell Roan
52%
American Pie Don McLean
52%
Don't Look Back in Anger Oasis
48%
Green Light Lorde
41%
Look At That Woman | Oh, Gemini | Sally, When The Wine Runs Out | +2 others ROLE MODEL
37%
This Charming Man The Smiths
33%
Feathered Indians | Honky Tonk Flame | I Swear (To God) | +3 others Tyler Childers
33%
Canyon Moon | Cherry Harry Styles
30%
Summerboy Lady Gaga
26%
Angela | Cleopatra | Gloria The Lumineers
26%
Don't Take the Money Bleachers
22%
Back On You | Basic Being Basic | Charlie's Garden | +6 others Djo
22%
Grown Ocean | White Winter Hymnal Fleet Foxes
22%
All At Once | Over My Head (Cable Car) | She Is The Fray
22%
How Much Is Weed? Dominic Fike
19%
Bug Fontaines D.C.
19%
All My Friends | Dance Yrself Clean | I Can Change LCD Soundsystem
19%
Talk You Down | The Man Who Can't Be Moved The Script
19%
two reverse Adrianne Lenker
15%
The Bug Collector Haley Heynderickx
15%
Aye Sam Fender
15%
Old Pine Ben Howard
11%
Sexy to Someone Clairo
11%
Breaking In Brooklyn | Caviar | Dive Bar Named Nirvana | +4 others Dogpark
11%
Choose the latter | Eat | Happy Birthday | Objection! Finn Wolfhard
11%
In the Aeroplane Over the Sea Neutral Milk Hotel
11%
A Month Or Two | Crop Circles | Either Way Odie Leigh
11%
For the Girl The Fratellis
11%
Sailing to Nowhere | The Ghost Inside | The High Road Broken Bells
7%
Cell | Greyhound Calpurnia
7%
In My Head Chris Lake & Amber Mark
7%
Free Florence + the Machine
7%
Le temps de l'amour Françoise Hardy
7%
Alone Again (Naturally) Gilbert O'Sullivan
7%
Everybody's Talkin' Harry Nilsson
7%
Your House Inhaler
7%
Boyfriend | Famous Johnny Orlando
7%
Fans Kings of Leon
7%
Dorien Kregg | Last Goodbye | Maybe You Have To | Pie in the Sky Post Animal
7%
Jeremiah Sierra Ferrell
7%
New Slang The Shins
7%
Little Omens Alfie Jukes
4%
Roma Fade Andrew Bird
4%
Loaded Courting
4%
The Breeze Dr. Dog
4%
I Got a Name | One Less Set of Footsteps | Operator (That's Not the Way It Feels) Jim Croce
4%
COULD BE WRONG LOSTBOYJAY
4%
Your Silent Face New Order
4%
Mary Anne Peter McPoland
4%
No matching quizzes found
Score Distribution
Percent of People with Each Score
Percentile by Number Answered
Your Score History
You have not taken this quiz